<?xml version="1.0" encoding="UTF-8"?><?xml-stylesheet type="text/xsl" href="static/style.xsl"?><OAI-PMH xmlns="http://www.openarchives.org/OAI/2.0/" xmlns:xsi="http://www.w3.org/2001/XMLSchema-instance" xsi:schemaLocation="http://www.openarchives.org/OAI/2.0/ http://www.openarchives.org/OAI/2.0/OAI-PMH.xsd"><responseDate>2026-04-13T06:53:28Z</responseDate><request verb="GetRecord" identifier="oai:www.recercat.cat:2072/484026" metadataPrefix="marc">https://recercat.cat/oai/request</request><GetRecord><record><header><identifier>oai:recercat.cat:2072/484026</identifier><datestamp>2025-08-31T18:08:46Z</datestamp><setSpec>com_2072_98</setSpec><setSpec>col_2072_378192</setSpec></header><metadata><record xmlns="http://www.loc.gov/MARC21/slim" xmlns:dcterms="http://purl.org/dc/terms/" xmlns:xsi="http://www.w3.org/2001/XMLSchema-instance" xmlns:doc="http://www.lyncode.com/xoai" xsi:schemaLocation="http://www.loc.gov/MARC21/slim http://www.loc.gov/standards/marcxml/schema/MARC21slim.xsd">
   <leader>00925njm 22002777a 4500</leader>
   <datafield ind2=" " ind1=" " tag="042">
      <subfield code="a">dc</subfield>
   </datafield>
   <datafield ind2=" " ind1=" " tag="720">
      <subfield code="a">Agulla, Beatriz</subfield>
      <subfield code="e">author</subfield>
   </datafield>
   <datafield ind2=" " ind1=" " tag="720">
      <subfield code="a">Villaescusa, Alejandra</subfield>
      <subfield code="e">author</subfield>
   </datafield>
   <datafield ind2=" " ind1=" " tag="720">
      <subfield code="a">Sainz Rodríguez, Ángel</subfield>
      <subfield code="e">author</subfield>
   </datafield>
   <datafield ind2=" " ind1=" " tag="720">
      <subfield code="a">Díaz-Regañón, David</subfield>
      <subfield code="e">author</subfield>
   </datafield>
   <datafield ind2=" " ind1=" " tag="720">
      <subfield code="a">Rodríguez Franco, Fernando</subfield>
      <subfield code="e">author</subfield>
   </datafield>
   <datafield ind2=" " ind1=" " tag="720">
      <subfield code="a">Calleja-Bueno, Lydia</subfield>
      <subfield code="e">author</subfield>
   </datafield>
   <datafield ind2=" " ind1=" " tag="720">
      <subfield code="a">Olmeda, Patricia</subfield>
      <subfield code="e">author</subfield>
   </datafield>
   <datafield ind2=" " ind1=" " tag="720">
      <subfield code="a">García-Sancho, Mercedes</subfield>
      <subfield code="e">author</subfield>
   </datafield>
   <datafield ind2=" " ind1=" " tag="260">
      <subfield code="c">2024</subfield>
   </datafield>
   <datafield ind2=" " ind1=" " tag="520">
      <subfield code="a">Altres ajuts: Proyecto Santander de la Universidad Complutense de Madrid (PR 26/-16-20319; PR 75/18-21623; PR 87/19-22606).</subfield>
   </datafield>
   <datafield ind2=" " ind1=" " tag="520">
      <subfield code="a">Dysregulated T lymphocyte response is thought to play a key role in chronic intestinal inflammation (CIE). To evaluate the presence of changes in peripheral and intestinal T lymphocyte subsets and to describe potential immune and inflammatory biomarkers in dogs with CIE. Sixteen healthy dogs and 26 dogs were diagnosed with CIE. Prospective case-control study evaluating peripheral and intestinal T lymphocytes using flow cytometry and inflammatory markers obtained from complete blood cell counts. Dogs with CIE had higher peripheral activated T helper (Th) lymphocytes (87/μL [18-273] CIE, 44/μL [16-162] healthy control (HC, P = .013) and regulatory T cells (Treg; 108/μL [2-257] CIE, 34/μL [1-114] HC, P = .004). In the intestinal epithelium, CIE dogs presented lower percentages of Th (4.55% [1.75-18.67] CIE, 8.77% [3.79-25.03] HC, P = .002), activated Th cells (0.16% [0.02-0.83] CIE, 0.33% [0.05-0.57] HC, P = .03) and CD4/CD8 ratio (0.08 [0.02-0.39] CIE, 0.21 [0.07-0.85] HC, P = .003). Conversely, higher percentage of activated T cytotoxic cells (20.24% [3.12-77.12] CIE, 12.32% [1.21-39.22] HC, P = .04) and interferon-gamma (IFN-γ) producing T lymphocytes (7.36% [0.63-55.83] CIE, 1.44% [0.00-10.56] HC, P = .01) within the epithelium was observed. In the lamina propria the percentage of Treg lymphocytes was higher (6.02% [1.00-21.48] CIE, 3.52% [0.18-10.52] HC, P = .02). Systemic and intestinal immune alterations occur in dogs with CIE suggesting that blood IFN-γ producing T lymphocytes and the systemic immune-inflamation index (SII) could potentially serve as biomarkers for the disease.</subfield>
   </datafield>
   <datafield tag="653" ind2=" " ind1=" ">
      <subfield code="a">Flow cytometry</subfield>
   </datafield>
   <datafield tag="653" ind2=" " ind1=" ">
      <subfield code="a">IBD</subfield>
   </datafield>
   <datafield tag="653" ind2=" " ind1=" ">
      <subfield code="a">Intraepithelial lymphocytes</subfield>
   </datafield>
   <datafield tag="653" ind2=" " ind1=" ">
      <subfield code="a">Lamina propria lymphocytes</subfield>
   </datafield>
   <datafield tag="653" ind2=" " ind1=" ">
      <subfield code="a">Peripheral blood lymphocytes</subfield>
   </datafield>
   <datafield tag="653" ind2=" " ind1=" ">
      <subfield code="a">T lymphocytes</subfield>
   </datafield>
   <datafield ind2="0" ind1="0" tag="245">
      <subfield code="a">Peripheral and intestinal T lymphocyte subsets in dogs with chronic inflammatory enteropathy</subfield>
   </datafield>
</record></metadata></record></GetRecord></OAI-PMH>